000 00475cam a22001577a 4500
008 180718b1998 xxu||||| |||| 00| 0 eng d
020 _a8186562486
082 _aA6x54 T516/1
245 _aParadoxes of partition (1937-47)
_cedited by S.A.I. Tirmizi
260 _aNew Delhi
_bCentre for Federal Studies
_c1998
300 _a1017p.
500 _av.1
650 _aPunjab - Histry - Partition, 1947
650 _aIndia - history - Partition, 1947
700 _aTirmizi, S.A.I.
999 _c385852
_d385852